[Event "Junior Online 4NCL Division 3"]
[Site "online"]
[Date "2021.01.21"]
[Round "1.142"]
[White "Mouratidis, Markos"]
[Black "Wang, Xiling"]
[Result "1-0"]
[WhiteElo "1204"]
[BlackElo "894"]
[PlyCount "51"]
[EventDate "2021.01.21"]
[WhiteTeam "Brentwood School B"]
[BlackTeam "Harrow Juniors F"]

1. e4 e5 2. Nf3 Nc6 3. Bc4 Bc5 4. d3 Nf6 5. Nc3 d6 6. h3 O-O 7. Bg5 Be6 8. Bb3
Bxb3 9. axb3 Bd4 10. Nxd4 Nxd4 11. Nd5 Ne6 12. Nxf6+ gxf6 13. Bh6 Re8 14. c3 c5
15. b4 b6 16. O-O Kh8 17. bxc5 bxc5 18. f4 exf4 19. Bxf4 Nxf4 20. Rxf4 Rg8 21.
Qf1 Rb8 22. Rxf6 Rxb2 23. Rf2 Rxf2 24. Qxf2 h6 25. Rxa7 h5 26. Qxf7 1-0

[Event "Junior Online 4NCL Division 3"]
[Site "online"]
[Date "2021.01.21"]
[Round "1.143"]
[White "Patel-Davis, Riyan"]
[Black "Kriel, Daniel"]
[Result "0-1"]
[WhiteElo "876"]
[BlackElo "1017"]
[PlyCount "58"]
[EventDate "2021.01.21"]
[WhiteTeam "Harrow Juniors F"]
[BlackTeam "Brentwood School B"]

1. e4 e5 2. Nf3 Nc6 3. Nc3 Nf6 4. Bb5 Bc5 5. O-O d6 6. d3 Bg4 7. a3 a6 8. Ba4
b5 9. Bb3 O-O 10. Bd5 Rb8 11. Bxc6 Rb6 12. Bd5 Nxd5 13. exd5 Qf6 14. Be3 Bd4
15. Ne4 Qf5 16. Nxd4 exd4 17. Qd2 dxe3 18. fxe3 Qg6 19. Kh1 c6 20. dxc6 Rxc6
21. b4 Rc7 22. Nxd6 Qxd6 23. Rf4 Qe5 24. d4 Qe6 25. d5 Qg6 26. h3 Bf5 27. g4
Rxc2 28. Qd4 Re2 29. gxf5 Qg2# 0-1

[Event "Junior Online 4NCL Division 3"]
[Site "online"]
[Date "2021.01.21"]
[Round "1.144"]
[White "Coppell, Gracie"]
[Black "Horwood, Alexander"]
[Result "1-0"]
[WhiteElo "857"]
[BlackElo "640"]
[PlyCount "63"]
[EventDate "2021.01.21"]
[WhiteTeam "Brentwood School B"]
[BlackTeam "Harrow Juniors F"]

1. e4 e5 2. Nf3 Nc6 3. Bc4 Nf6 4. Ng5 Bb4 5. Nxf7 Qe7 6. Nxh8 Qf8 7. Nf7 d6 8.
h3 Nxe4 9. O-O Qe7 10. c3 Be6 11. Bxe6 Qxe6 12. Nh8 O-O-O 13. cxb4 Rxh8 14. d3
Nf6 15. Nc3 g5 16. Ne4 Nxe4 17. dxe4 Rg8 18. b5 Nd4 19. Be3 Rf8 20. Bxd4 exd4
21. Qxd4 c5 22. Rac1 Kd7 23. Qa4 d5 24. b6+ Kc8 25. bxa7 b5 26. a8=Q+ Kd7 27.
Qxb5+ Ke7 28. Qab7+ Kd6 29. Qxc5+ Ke5 30. Qxf8 dxe4 31. Rc5+ Kd4 32. Rd1# 1-0

[Event "Junior Online 4NCL Division 3"]
[Site "online"]
[Date "2021.01.21"]
[Round "1.145"]
[White "Omoruyi, Jaden"]
[Black "Grahame, Silas"]
[Result "1-0"]
[WhiteElo "1149"]
[BlackElo "1075"]
[PlyCount "115"]
[EventDate "2021.01.21"]
[WhiteTeam "Brentwood School B"]
[BlackTeam "Harrow Juniors F"]

1. d4 c6 2. Bf4 d5 3. c4 Nf6 4. Qb3 dxc4 5. Qxc4 Ne4 6. Nf3 Be6 7. Qb4 a5 8.
Qxb7 Nd7 9. Qxc6 Nef6 10. Ne5 Rc8 11. Qa4 Ne4 12. f3 Nef6 13. e4 Nh5 14. Bd2 f6
15. Bxa5 Rc7 16. Bxc7 Qxc7 17. Nxd7 Bxd7 18. Qd1 Qa5+ 19. Qd2 Qc7 20. Nc3 e5
21. dxe5 fxe5 22. Nd5 Qb7 23. Rc1 Be6 24. Nc7+ Kf7 25. Nxe6 Bb4 26. Rc7+ Qxc7
27. Nxc7 Bxd2+ 28. Kxd2 Rd8+ 29. Ke3 Nf4 30. g3 Rc8 31. Bc4+ Kf8 32. Ne6+ Ke7
33. Rc1 Nxe6 34. Kd2 Nd4 35. Ke3 Kf6 36. Rc3 Ne6 37. Bxe6 Rxc3+ 38. bxc3 Kxe6
39. f4 exf4+ 40. gxf4 Kd6 41. f5 Kc5 42. Kf4 Kd6 43. Kg5 Kc5 44. f6 gxf6+ 45.
Kxf6 Kc4 46. e5 Kd5 47. a4 h5 48. e6 Kd6 49. a5 h4 50. a6 h3 51. a7 Kc5 52.
a8=Q Kc4 53. e7 Kxc3 54. e8=Q Kd2 55. Qad8+ Kc3 56. Qc6+ Kb4 57. Qb8+ Ka5 58.
Qcb5# 1-0

[Event "Junior Online 4NCL Division 3"]
[Site "online"]
[Date "2021.01.21"]
[Round "1.146"]
[White "Wang, Xiling"]
[Black "Mouratidis, Markos"]
[Result "0-1"]
[WhiteElo "894"]
[BlackElo "1204"]
[PlyCount "72"]
[EventDate "2021.01.21"]
[WhiteTeam "Harrow Juniors F"]
[BlackTeam "Brentwood School B"]

1. e4 e5 2. Nf3 Nc6 3. Bc4 Bc5 4. Nc3 Nf6 5. O-O O-O 6. d3 h6 7. Be3 Bb6 8.
Bxb6 axb6 9. h3 d6 10. Bd5 Be6 11. Bxe6 fxe6 12. Kh1 Qe8 13. g4 Qg6 14. Nh4 Qf7
15. Ne2 Nd4 16. Nxd4 exd4 17. Qf3 g5 18. Ng2 Nd7 19. Qxf7+ Rxf7 20. c3 dxc3 21.
bxc3 Raf8 22. Kg1 Ne5 23. Ne1 Nf3+ 24. Nxf3 Rxf3 25. Rad1 Rxh3 26. Rd2 Rff3 27.
c4 Rf4 28. Kg2 Rhf3 29. Re2 Rxd3 30. Re3 Rxe3 31. fxe3 Rxg4+ 32. Kh3 Rxe4 33.
Kg3 Rxe3+ 34. Kg4 Re4+ 35. Kh5 Kg7 36. a4 Rh4# 0-1

[Event "Junior Online 4NCL Division 3"]
[Site "online"]
[Date "2021.01.21"]
[Round "1.147"]
[White "Kriel, Daniel"]
[Black "Patel-Davis, Riyan"]
[Result "1-0"]
[WhiteElo "1017"]
[BlackElo "876"]
[PlyCount "131"]
[EventDate "2021.01.21"]
[WhiteTeam "Brentwood School B"]
[BlackTeam "Harrow Juniors F"]

1. e4 e5 2. Nf3 Nc6 3. Nc3 Nf6 4. Bc4 Bb4 5. d3 d6 6. Bg5 O-O 7. a3 Bxc3+ 8.
bxc3 Be6 9. Bxe6 fxe6 10. Rb1 Na5 11. O-O Qe7 12. Rb5 b6 13. c4 c6 14. Rb1 c5
15. c3 h6 16. Be3 Ng4 17. Qd2 Nxe3 18. Qxe3 Qg5 19. Qxg5 hxg5 20. Nxg5 Rf6 21.
d4 exd4 22. cxd4 cxd4 23. Nf3 d3 24. e5 Rf4 25. Rb4 Nxc4 26. exd6 Nxd6 27. Rxf4
d2 28. Nxd2 Rc8 29. h3 Nf7 30. Re1 e5 31. Rg4 Nh6 32. Rg6 Nf7 33. Nc4 Rxc4 34.
g3 e4 35. f3 exf3 36. Re8+ Kh7 37. Rge6 Rc1+ 38. Kf2 Rc2+ 39. Kxf3 Rc3+ 40. Kg2
Rc2+ 41. Kf3 Rc3+ 42. Kg4 Rc4+ 43. Kh5 g6+ 44. Rxg6 Rc5+ 45. Rg5 Rxg5+ 46. Kh4
Ra5 47. Re7 Ra4+ 48. Kh5 Ra5+ 49. Kh4 Rf5 50. g4 Rg5 51. Rxf7+ Rg7 52. Rf6 b5
53. Kh5 a5 54. Rh6+ Kg8 55. Ra6 Rh7+ 56. Kg5 Rxh3 57. Rxa5 Rb3 58. Kg6 Rf3 59.
Rxb5 Rf8 60. a4 Re8 61. Rb6 Rf8 62. a5 Re8 63. a6 Rf8 64. a7 Ra8 65. Rb8+ Rxb8
66. axb8=Q# 1-0

[Event "Junior Online 4NCL Division 3"]
[Site "online"]
[Date "2021.01.21"]
[Round "1.148"]
[White "Horwood, Alexander"]
[Black "Coppell, Gracie"]
[Result "0-1"]
[WhiteElo "640"]
[BlackElo "857"]
[PlyCount "26"]
[EventDate "2021.01.21"]
[WhiteTeam "Harrow Juniors F"]
[BlackTeam "Brentwood School B"]

1. e4 e5 2. Nf3 Nc6 3. Nc3 Nf6 4. Bb5 a6 5. Bxc6 dxc6 6. Nxe5 Bg4 7. f3 Be6 8.
f4 Bg4 9. Nxg4 Nxg4 10. Qxg4 h5 11. Qd1 Bc5 12. d3 Qh4+ 13. Ke2 Qf2# 0-1

[Event "Junior Online 4NCL Division 3"]
[Site "online"]
[Date "2021.01.21"]
[Round "1.151"]
[White "Das, Devorshi"]
[Black "Soulier, Alfred"]
[Result "0-1"]
[WhiteElo "1174"]
[BlackElo "1647"]
[PlyCount "82"]
[EventDate "2021.01.21"]
[WhiteTeam "Uxbridge Juniors Berzerkers"]
[BlackTeam "KCJS 2"]

1. e4 c5 2. Nf3 d6 3. Bc4 Nf6 4. d3 e6 5. Nc3 Nc6 6. Qe2 Be7 7. Be3 a6 8. a4
Bd7 9. O-O O-O 10. Rfe1 Qc7 11. h3 Rfd8 12. Ng5 h6 13. Nf3 Rac8 14. Qd2 Na5 15.
Ba2 c4 16. d4 b5 17. axb5 axb5 18. b3 cxb3 19. Bxb3 Nxb3 20. cxb3 Qxc3 21. Rab1
Nxe4 22. Qxc3 Nxc3 23. Rbc1 Nd5 24. Rxc8 Rxc8 25. Rb1 Nxe3 26. fxe3 Bc6 27. Rc1
Bb7 28. Rxc8+ Bxc8 29. Kf2 Bb7 30. Nd2 Kh7 31. g4 Bh4+ 32. Ke2 Bg2 33. Kd3 Bxh3
34. Ne4 d5 35. Nd6 b4 36. Nxf7 Bxg4 37. Ne5 Bf5+ 38. Kd2 Be7 39. Ke2 Bd6 40.
Nd7 Kg6 41. Nf8+ Bxf8 0-1

[Event "Junior Online 4NCL Division 3"]
[Site "online"]
[Date "2021.01.21"]
[Round "1.152"]
[White "Kucukyildiz, Alp Tugrul"]
[Black "Mangalagiri, Pranav"]
[Result "1-0"]
[WhiteElo "1421"]
[BlackElo "1103"]
[PlyCount "109"]
[EventDate "2021.01.21"]
[WhiteTeam "KCJS 2"]
[BlackTeam "Uxbridge Juniors Berzerkers"]

1. e4 c5 2. c3 e6 3. d4 d5 4. exd5 exd5 5. Nf3 Nc6 6. Bf4 a6 7. a4 cxd4 8. cxd4
Nf6 9. Nc3 Bg4 10. h3 Bh5 11. Be2 Bxf3 12. Bxf3 Bb4 13. Qb3 O-O 14. O-O Re8 15.
Nxd5 Nxd5 16. Bxd5 Ba5 17. Bxf7+ Kh8 18. Bxe8 Qxe8 19. d5 Nd4 20. Qe3 Qxe3 21.
fxe3 Ne2+ 22. Kh1 Nxf4 23. Rxf4 h6 24. b4 Bc7 25. Rd4 Be5 26. Rd3 Bxa1 27. d6
Rd8 28. d7 b5 29. axb5 axb5 30. e4 Bf6 31. Rd5 Kh7 32. e5 Bh4 33. e6 Kg8 34. g3
Bxg3 35. e7 Rxd7 36. Rxd7 Kf7 37. Kg2 Bh4 38. e8=Q+ Kxe8 39. Rxg7 Bg5 40. Rb7
h5 41. Rxb5 Bd2 42. Rb7 Bxb4 43. Rxb4 Kf7 44. Rh4 Kg6 45. Kg3 Kg5 46. Rc4 Kg6
47. h4 Kh6 48. Rc5 Kg6 49. Kf4 Kh6 50. Kf5 Kg7 51. Kg5 Kh7 52. Kxh5 Kg7 53.
Rc7+ Kh8 54. Kg6 Kg8 55. Rc8# 1-0

[Event "Junior Online 4NCL Division 3"]
[Site "online"]
[Date "2021.01.21"]
[Round "1.153"]
[White "Dhir, Jai Alexander"]
[Black "Poghosyan, Jake"]
[Result "0-1"]
[WhiteElo "1072"]
[BlackElo "1488"]
[PlyCount "32"]
[EventDate "2021.01.21"]
[WhiteTeam "Uxbridge Juniors Berzerkers"]
[BlackTeam "KCJS 2"]

1. e4 e5 2. Nf3 Nf6 3. Nc3 Nc6 4. Bb5 Bc5 5. Bxc6 dxc6 6. O-O Qe7 7. d3 Bg4 8.
Re1 Qe6 9. h3 Bh5 10. Be3 Bd6 11. Qd2 Bxf3 12. gxf3 Qxh3 13. d4 exd4 14. Bxd4
Bh2+ 15. Kh1 Bf4+ 16. Kg1 Bxd2 0-1

[Event "Junior Online 4NCL Division 3"]
[Site "online"]
[Date "2021.01.21"]
[Round "1.154"]
[White "Singh, Hari"]
[Black "Kapoor, Devansh"]
[Result "0-1"]
[WhiteElo "1283"]
[BlackElo "1024"]
[PlyCount "64"]
[EventDate "2021.01.21"]
[WhiteTeam "KCJS 2"]
[BlackTeam "Uxbridge Juniors Berzerkers"]

1. d4 e6 2. Bf4 c5 3. e3 cxd4 4. exd4 d5 5. Nf3 Nc6 6. Bb5 Bd6 7. Be5 Bxe5 8.
Nxe5 Nge7 9. Qh5 g6 10. Qh6 a6 11. Qg7 Rf8 12. Bxc6+ Nxc6 13. Qxh7 Nxe5 14.
dxe5 Qa5+ 15. c3 Qb5 16. b4 Bd7 17. a4 Qc4 18. f3 d4 19. Ra3 dxc3 20. Rxc3 Qxb4
21. O-O Qxa4 22. Rd3 Bb5 23. Nc3 Qa5 24. Nxb5 Qxb5 25. Re3 Qc5 26. Rfe1 Rd8 27.
Kh1 Rd1 28. Qh4 Qxe3 29. Qa4+ Rd7 30. Rxe3 b5 31. Qxa6 Rd1+ 32. Re1 Rxe1# 0-1

[Event "Junior Online 4NCL Division 3"]
[Site "online"]
[Date "2021.01.21"]
[Round "1.155"]
[White "Soulier, Alfred"]
[Black "Das, Devorshi"]
[Result "1-0"]
[WhiteElo "1647"]
[BlackElo "1174"]
[PlyCount "139"]
[EventDate "2021.01.21"]
[WhiteTeam "KCJS 2"]
[BlackTeam "Uxbridge Juniors Berzerkers"]

1. d4 e5 2. dxe5 Nc6 3. Nf3 Qe7 4. Bf4 Qb4+ 5. Bd2 Qxb2 6. Nc3 Qb6 7. Nd5 Qc5
8. Nxc7+ Kd8 9. Nxa8 Nxe5 10. Nxe5 Qxe5 11. e3 Qb8 12. Ba5+ b6 13. Nxb6 axb6
14. Rb1 Bc5 15. Bd2 Nf6 16. Be2 Ke7 17. O-O Re8 18. Bb4 Qc7 19. Bxc5+ Qxc5 20.
Qd2 Kf8 21. Qb4 Qxb4 22. Rxb4 Nd5 23. Rd4 Nc3 24. Bc4 d5 25. Bd3 Re6 26. Re1
Bd7 27. Bf5 Rd6 28. Bxd7 Rxd7 29. Rb4 Rb7 30. a4 Ne4 31. a5 b5 32. a6 Ra7 33.
Rxb5 Rxa6 34. Rxd5 Ra2 35. c4 Rc2 36. Rd4 Nxf2 37. c5 h5 38. c6 Ng4 39. Rd6 Ke7
40. Rd5 Nf6 41. Rg5 g6 42. Ra5 Rxc6 43. Ra7+ Ke6 44. Rea1 Ke5 45. Rxf7 Ke4 46.
Re7+ Kf5 47. Rf1+ Kg5 48. Re5+ Kh6 49. h3 Nh7 50. Re7 Rc8 51. Rff7 Nf8 52. Kf2
Kg5 53. Kg3 Kh6 54. h4 g5 55. Rf6+ Ng6 56. hxg5+ Kxg5 57. Ree6 Rg8 58. Kf2 h4
59. Ra6 Kh5 60. Rf5+ Kh6 61. Rb5 Rf8+ 62. Ke2 Kg7 63. Rb7+ Kh6 64. e4 Re8 65.
Ke3 Kg5 66. Rb5+ Kh6 67. Rbb6 Kg5 68. Rxg6+ Kh5 69. Rh6+ Kg5 70. Rag6# 1-0

[Event "Junior Online 4NCL Division 3"]
[Site "online"]
[Date "2021.01.21"]
[Round "1.157"]
[White "Poghosyan, Jake"]
[Black "Dhir, Jai Alexander"]
[Result "1-0"]
[WhiteElo "1488"]
[BlackElo "1072"]
[PlyCount "83"]
[EventDate "2021.01.21"]
[WhiteTeam "KCJS 2"]
[BlackTeam "Uxbridge Juniors Berzerkers"]

1. e4 e5 2. Nf3 Nc6 3. Bc4 Bc5 4. b4 Nxb4 5. c3 Nc6 6. d4 exd4 7. cxd4 Bb4+ 8.
Kf1 Nf6 9. Qb3 Na5 10. Qxb4 Nxc4 11. Qxc4 O-O 12. Bg5 b6 13. e5 a5 14. exf6 Ba6
15. Qxa6 Rxa6 16. fxg7 f6 17. gxf8=Q+ Qxf8 18. Bf4 d6 19. Nbd2 b5 20. Rb1 b4
21. g3 Qf7 22. Rb2 Qd5 23. Rc2 c6 24. Kg2 c5 25. dxc5 dxc5 26. Rhc1 Rc6 27. Be3
a4 28. Bxc5 b3 29. axb3 axb3 30. Rc3 b2 31. R1c2 b1=Q 32. Nxb1 Qd1 33. Nbd2 Qa1
34. Rd3 f5 35. Rd8+ Kg7 36. Bd4+ Qxd4 37. Nxd4 Rxc2 38. Nxc2 h5 39. Ne3 h4 40.
Nxf5+ Kg6 41. Nxh4+ Kg5 42. f4+ 1-0

[Event "Junior Online 4NCL Division 3"]
[Site "online"]
[Date "2021.01.21"]
[Round "1.158"]
[White "Kapoor, Devansh"]
[Black "Singh, Hari"]
[Result "0-1"]
[WhiteElo "1024"]
[BlackElo "1283"]
[PlyCount "42"]
[EventDate "2021.01.21"]
[WhiteTeam "Uxbridge Juniors Berzerkers"]
[BlackTeam "KCJS 2"]

1. e4 c5 2. Bc4 d6 3. Nf3 Nc6 4. Ng5 e6 5. d3 Be7 6. Nf3 d5 7. exd5 exd5 8. Bb5
a6 9. Bxc6+ bxc6 10. Nc3 Nf6 11. O-O O-O 12. Re1 Bd6 13. Bg5 Bg4 14. g3 h6 15.
Bxf6 Qxf6 16. Re3 d4 17. Ne4 Qg6 18. Re1 Qh5 19. Nxd6 Bxf3 20. Qd2 Qh3 21. g4
Qg2# 0-1

[Event "Junior Online 4NCL Division 3"]
[Site "online"]
[Date "2021.01.21"]
[Round "1.161"]
[White "Smith, Ryan S"]
[Black "Mykhnenko, Marijka"]
[Result "1-0"]
[WhiteElo "1769"]
[BlackElo "1027"]
[PlyCount "73"]
[EventDate "2021.01.21"]
[WhiteTeam "KEGS A"]
[BlackTeam "Warwickshire Bears G"]

1. d4 d5 2. Nf3 Nf6 3. g3 Nc6 4. Bg2 e6 5. O-O g6 6. c4 dxc4 7. Qa4 Bg7 8. Ne5
Kf8 9. Nxc6 bxc6 10. Qxc6 Bd7 11. Qxa8 Qxa8 12. Bxa8 Ke7 13. Bg2 Rb8 14. Na3
Kf8 15. Nxc4 Kg8 16. Ne5 Rd8 17. Nxd7 Rxd7 18. Rd1 Ne8 19. Bc6 Rd8 20. Bg5 Nf6
21. e4 Rf8 22. e5 Ne8 23. Be7 Bh6 24. Bxf8 Bxf8 25. Bxe8 Bh6 26. f4 Kf8 27. Ba4
Ke7 28. Rac1 Kd8 29. Rd3 Bf8 30. Rdc3 c5 31. dxc5 Kc7 32. c6 Bb4 33. Rd3 Ba5
34. Rd7+ Kb8 35. c7+ Bxc7 36. Rcxc7 Ka8 37. Rc8# 1-0

[Event "Junior Online 4NCL Division 3"]
[Site "online"]
[Date "2021.01.21"]
[Round "1.162"]
[White "Sareen, Rohan"]
[Black "Siddharth, Lakshan"]
[Result "0-1"]
[WhiteElo "1024"]
[BlackElo "1579"]
[PlyCount "72"]
[EventDate "2021.01.21"]
[WhiteTeam "Warwickshire Bears G"]
[BlackTeam "KEGS A"]

1. e4 Nf6 2. e5 Nd5 3. Nc3 Nb6 4. d3 Nc6 5. Be3 Nxe5 6. Qh5 Nc6 7. d4 g6 8. Qh4
Bg7 9. d5 Ne5 10. Bd4 d6 11. Bb5+ Bd7 12. Bxd7+ Qxd7 13. Bxe5 Bxe5 14. Nf3
Bxc3+ 15. bxc3 Nxd5 16. Qd4 Nf6 17. O-O e5 18. Qb4 Qc6 19. Rab1 b6 20. Ng5 h6
21. Nf3 Nd5 22. Qe4 f5 23. Qe1 Qxc3 24. Qxc3 Nxc3 25. Rb3 Ne4 26. Rb4 Nc5 27.
Rc4 Ke7 28. a4 e4 29. Nd4 d5 30. c3 dxc4 31. Nc6+ Kd6 32. Nb4 a5 33. Nc2 Nxa4
34. Rd1+ Ke7 35. Ne3 Nxc3 36. Rc1 Ne2+ 0-1

[Event "Junior Online 4NCL Division 3"]
[Site "online"]
[Date "2021.01.21"]
[Round "1.163"]
[White "Caves, Fraser"]
[Black "Madoc, Gaspard"]
[Result "1-0"]
[WhiteElo "1471"]
[BlackElo "993"]
[PlyCount "43"]
[EventDate "2021.01.21"]
[WhiteTeam "KEGS A"]
[BlackTeam "Warwickshire Bears G"]

1. e4 e5 2. f4 d6 3. Nf3 Nc6 4. Nc3 Bg4 5. Bc4 Nf6 6. O-O Be7 7. fxe5 Nxe5 8.
Be2 O-O 9. d4 Nxf3+ 10. Bxf3 Bxf3 11. Qxf3 c6 12. Bg5 d5 13. e5 Ne4 14. Bxe7
Qxe7 15. Nxe4 dxe4 16. Qxe4 Rad8 17. Rf3 Qb4 18. Rh3 g6 19. Qh4 h5 20. b3 Rxd4
21. Qf6 Qc3 22. Rxc3 1-0

[Event "Junior Online 4NCL Division 3"]
[Site "online"]
[Date "2021.01.21"]
[Round "1.164"]
[White "Khashu, Rohan"]
[Black "Arun Jacob, Nigel A"]
[Result "0-1"]
[WhiteElo "950"]
[BlackElo "1455"]
[PlyCount "116"]
[EventDate "2021.01.21"]
[WhiteTeam "Warwickshire Bears G"]
[BlackTeam "KEGS A"]

1. e4 c5 2. Bc4 g6 3. Nf3 Nc6 4. Nc3 Bg7 5. O-O a6 6. Qe1 e6 7. Qe3 Qe7 8. d3
b5 9. Bb3 Nd4 10. Nxd4 cxd4 11. Qf3 dxc3 12. Rb1 Bb7 13. a4 b4 14. Qe3 a5 15.
Qb6 Bc6 16. Be3 Nh6 17. Bc5 Qh4 18. Be3 Ng4 19. Bf4 O-O 20. Bg3 Qe7 21. h3 Nf6
22. e5 Nh5 23. Qe3 Rfc8 24. Bf4 Nxf4 25. Qxf4 Rd8 26. bxc3 bxc3 27. Qd4 d6 28.
Qxc3 Bxe5 29. Qxc6 Rdc8 30. Qf3 Qc7 31. Rbc1 Bb2 32. Rb1 Be5 33. Rfe1 Bc3 34.
Re4 d5 35. Rf4 Be5 36. Rh4 Qe7 37. Rh6 Qg5 38. Re1 Bg7 39. Rxg6 hxg6 40. d4 Rc7
41. Qe2 Rac8 42. Qa6 Qd8 43. Re3 Bxd4 44. Rf3 Rc3 45. Rxc3 Bxc3 46. Qd3 Bg7 47.
Qa6 d4 48. Qd3 Rc3 49. Qa6 d3 50. Ba2 Rxc2 51. Bb3 Rc1+ 52. Kh2 d2 53. Qxa5
d1=Q 54. Qxd8+ Qxd8 55. Bxe6 fxe6 56. a5 Be5+ 57. g3 Qd5 58. a6 Rh1# 0-1

[Event "Junior Online 4NCL Division 3"]
[Site "online"]
[Date "2021.01.21"]
[Round "1.165"]
[White "Mykhnenko, Marijka"]
[Black "Smith, Ryan S"]
[Result "0-1"]
[WhiteElo "1027"]
[BlackElo "1769"]
[PlyCount "70"]
[EventDate "2021.01.21"]
[WhiteTeam "Warwickshire Bears G"]
[BlackTeam "KEGS A"]

1. e4 c5 2. Nf3 Nc6 3. Nc3 e5 4. g3 d6 5. Bg2 g6 6. d3 Bg7 7. Bg5 f6 8. Be3
Nge7 9. O-O h6 10. Re1 O-O 11. Nd2 f5 12. Nf3 f4 13. Bd2 g5 14. h3 g4 15. hxg4
Bxg4 16. Qc1 fxg3 17. fxg3 Bxf3 18. Bxf3 Rxf3 19. Rf1 Rxg3+ 20. Kf2 Rg4 21. Qe1
Ng6 22. Ke2 Nd4+ 23. Kd1 Nf4 24. Bxf4 Rxf4 25. Rxf4 exf4 26. Kc1 Qg5 27. Kb1 f3
28. a3 Qg2 29. Nd1 Qxc2+ 30. Ka2 Qb3+ 31. Kb1 Qxd3+ 32. Ka2 Nc2 33. Nf2 Qc4+
34. b3 Qd4 35. b4 Qb2# 0-1

[Event "Junior Online 4NCL Division 3"]
[Site "online"]
[Date "2021.01.21"]
[Round "1.166"]
[White "Siddharth, Lakshan"]
[Black "Sareen, Rohan"]
[Result "1-0"]
[WhiteElo "1579"]
[BlackElo "1024"]
[PlyCount "33"]
[EventDate "2021.01.21"]
[WhiteTeam "KEGS A"]
[BlackTeam "Warwickshire Bears G"]

1. e4 e5 2. Nf3 Nc6 3. Bb5 Nf6 4. O-O Bc5 5. c3 Nxe4 6. d4 Nxf2 7. Kxf2 exd4 8.
cxd4 Bd6 9. Kg1 g5 10. Bxg5 Ne7 11. Bxe7 Bxe7 12. Re1 O-O 13. Ne5 Bd6 14. Qg4+
Kh8 15. Bd3 Rg8 16. Qh3 Bxe5 17. Qxh7# 1-0

[Event "Junior Online 4NCL Division 3"]
[Site "online"]
[Date "2021.01.21"]
[Round "1.167"]
[White "Madoc, Gaspard"]
[Black "Caves, Fraser"]
[Result "0-1"]
[WhiteElo "993"]
[BlackElo "1471"]
[PlyCount "54"]
[EventDate "2021.01.21"]
[WhiteTeam "Warwickshire Bears G"]
[BlackTeam "KEGS A"]

1. e4 e5 2. Bc4 Nc6 3. Nc3 Nf6 4. Nf3 Bc5 5. O-O d6 6. h3 a6 7. Bb3 b5 8. d3 b4
9. Nd5 a5 10. a3 bxa3 11. Rxa3 Bxa3 12. bxa3 O-O 13. Bd2 Be6 14. Bg5 a4 15. Bc4
Kh8 16. Bxf6 gxf6 17. Qd2 Rg8 18. Qh6 Rg6 19. Qh4 Qg8 20. g3 Nd4 21. Nxf6 Nxf3+
22. Kg2 Nxh4+ 23. Kh2 Qg7 24. gxh4 Rg2+ 25. Kh1 Bxh3 26. Nh5 Rh2+ 27. Kxh2 Qg2#
0-1

[Event "Junior Online 4NCL Division 3"]
[Site "online"]
[Date "2021.01.21"]
[Round "1.168"]
[White "Arun Jacob, Nigel A"]
[Black "Khashu, Rohan"]
[Result "1-0"]
[WhiteElo "1455"]
[BlackElo "950"]
[PlyCount "57"]
[EventDate "2021.01.21"]
[WhiteTeam "KEGS A"]
[BlackTeam "Warwickshire Bears G"]

1. d4 g5 2. c4 Bg7 3. Nc3 b6 4. Bxg5 Bb7 5. Nf3 f6 6. Bf4 d6 7. e3 Nd7 8. a3
Bc6 9. Be2 Qb8 10. d5 Bb7 11. Nd4 e5 12. dxe6 Nc5 13. Bh5+ Kd8 14. b4 Nb3 15.
Qxb3 Bxg2 16. Rg1 Qb7 17. f3 Bxf3 18. Bxf3 c6 19. Bxc6 Qe7 20. Bxa8 Bh6 21.
Nc6+ Kc7 22. Nxe7 Nxe7 23. Bxh6 Rxa8 24. Rg7 Rg8 25. Rxe7+ Kd8 26. Rd7+ Kc8 27.
O-O-O Rg1 28. Rxg1 d5 29. Rg8# 1-0

[Event "Junior Online 4NCL Division 3"]
[Site "online"]
[Date "2021.02.04"]
[Round "2.12"]
[White "Arora, Bukkan"]
[Black "Gill, Veer"]
[Result "0-1"]
[WhiteElo "1000"]
[BlackElo "1306"]
[PlyCount "116"]
[EventDate "2021.02.04"]
[WhiteTeam "Surrey Kings 2"]
[BlackTeam "Edgware Gambits C"]

1. d4 c5 2. e3 Nc6 3. Nf3 cxd4 4. exd4 d5 5. Nc3 Nf6 6. Bd3 Bg4 7. Be3 g6 8.
O-O Bg7 9. Qe2 O-O 10. Rad1 Nb4 11. Bb5 a6 12. Ba4 b5 13. Bb3 Ne4 14. Nxd5 Nxd5
15. Bxd5 Qxd5 16. c3 Nf6 17. b4 Bxf3 18. Qxf3 Qxf3 19. gxf3 Nd5 20. Rfe1 Nxc3
21. Ra1 Nd5 22. Bd2 Bxd4 23. Rad1 Bc3 24. Bh6 Rfd8 25. Re2 Nxb4 26. Rc1 Bg7 27.
Bxg7 Kxg7 28. Rxe7 Nxa2 29. Rcc7 Rf8 30. Ra7 Rxa7 31. Rxa7 b4 32. Rxa6 b3 33.
Rb6 Nc1 34. Kf1 Re8 35. Rb7 Re2 36. Rb6 b2 37. f4 Rc2 38. Rb5 Nd3 39. Rb6 Rc1+
40. Ke2 Nxf4+ 41. Kd2 b1=Q 42. Rxb1 Rxb1 43. Kc2 Rb8 44. Kc3 Re8 45. Kd4 Kf6
46. Kc5 Ne6+ 47. Kc6 Rd8 48. Kb5 Rc8 49. Kb6 Ke5 50. Kb5 Kd5 51. Kb4 Kd4 52.
Kb3 Rc4 53. Kb2 Kd3 54. Kb3 Nc5+ 55. Kb2 Kd2 56. Kb1 Rb4+ 57. Ka2 Kc2 58. Ka3
Ra4# 0-1

[Event "Junior Online 4NCL Division 3"]
[Site "online"]
[Date "2021.02.04"]
[Round "2.13"]
[White "Milani-Foglia, Aurelio"]
[Black "Salguero, Santiago"]
[Result "1-0"]
[WhiteElo "1281"]
[BlackElo "927"]
[PlyCount "49"]
[EventDate "2021.02.04"]
[WhiteTeam "Edgware Gambits C"]
[BlackTeam "Surrey Kings 2"]

1. e4 e5 2. Nf3 Nc6 3. Bc4 Bc5 4. d3 d6 5. Bg5 Nf6 6. Nc3 Nd4 7. Nd5 Bg4 8. h3
Nxf3+ 9. gxf3 Bxf3 10. Qxf3 h6 11. Nxf6+ gxf6 12. Bxf6 Qd7 13. Bxh8 b5 14. Bd5
c6 15. Bb3 O-O-O 16. Bf6 Rg8 17. Qf5 Rg2 18. Qxd7+ Kxd7 19. O-O-O Rxf2 20. Kb1
Rxf6 21. Rhf1 Rg6 22. Rxf7+ Ke8 23. Rdf1 b4 24. Rf8+ Kd7 25. R1f7# 1-0

[Event "Junior Online 4NCL Division 3"]
[Site "online"]
[Date "2021.02.04"]
[Round "2.14"]
[White "Flanders, William"]
[Black "Zhou, Richard"]
[Result "0-1"]
[WhiteElo "907"]
[BlackElo "1300"]
[PlyCount "60"]
[EventDate "2021.02.04"]
[WhiteTeam "Surrey Kings 2"]
[BlackTeam "Edgware Gambits C"]

1. e4 c5 2. Nf3 Nc6 3. Bc4 e6 4. d3 Nf6 5. Nc3 d5 6. exd5 exd5 7. Bb3 d4 8. Ne4
Qe7 9. O-O Nxe4 10. dxe4 Qc7 11. h3 Bd6 12. Bd5 O-O 13. Bxc6 bxc6 14. e5 Bxe5
15. Nxe5 Qxe5 16. Qf3 Bb7 17. Qg4 Qf6 18. Qd7 Rab8 19. Qg4 Rfe8 20. Bg5 Qg6 21.
Rae1 Ba6 22. Rxe8+ Rxe8 23. Rc1 h6 24. Qd7 Re2 25. Qd8+ Kh7 26. Bxh6 Qxh6 27.
Rb1 Rxc2 28. b4 Qf4 29. bxc5 Qxf2+ 30. Kh2 Qxg2# 0-1

[Event "Junior Online 4NCL Division 3"]
[Site "online"]
[Date "2021.02.04"]
[Round "2.15"]
[White "Edwards, Benjy"]
[Black "Barringer-Allen, William B"]
[Result "0-1"]
[WhiteElo "939"]
[BlackElo "1340"]
[PlyCount "50"]
[EventDate "2021.02.04"]
[WhiteTeam "Surrey Kings 2"]
[BlackTeam "Edgware Gambits C"]

1. e4 e5 2. Nf3 Nc6 3. Bc4 Be7 4. Nc3 Nf6 5. d3 O-O 6. O-O d6 7. Bd2 Bg4 8. h3
Bh5 9. g4 Bg6 10. g5 Nh5 11. h4 Kh8 12. Qe2 f6 13. Be3 Nf4 14. Bxf4 exf4 15. d4
fxg5 16. hxg5 Bxg5 17. Nxg5 Qxg5+ 18. Kh1 Nxd4 19. Rfd1 Nxe2 20. Rd4 Nxd4 21.
Be2 Nxe2 22. f3 Nxc3 23. Rd1 Nxd1 24. Kh2 Ne3 25. c3 Qg2# 0-1

[Event "Junior Online 4NCL Division 3"]
[Site "online"]
[Date "2021.02.04"]
[Round "2.16"]
[White "Gill, Veer"]
[Black "Arora, Bukkan"]
[Result "1-0"]
[WhiteElo "1306"]
[BlackElo "1000"]
[PlyCount "47"]
[EventDate "2021.02.04"]
[WhiteTeam "Edgware Gambits C"]
[BlackTeam "Surrey Kings 2"]

1. e4 e5 2. Nf3 Nc6 3. d4 Nxd4 4. Nxd4 exd4 5. Qxd4 Nf6 6. Nc3 b6 7. Bg5 Be7 8.
Bc4 Bb7 9. O-O-O c6 10. h4 Qc7 11. e5 Nd5 12. Bxe7 Nxe7 13. f4 Nd5 14. Nxd5
cxd5 15. Bxd5 Bxd5 16. Qxd5 O-O 17. g4 Rad8 18. f5 a5 19. f6 g6 20. Qd2 Rc8 21.
Rhe1 Rfe8 22. c3 h6 23. Qxh6 Rxe5 24. Qg7# 1-0